Double M Words Quiz Stats

Quiz Updated Sep 23, 2014

Also try: Double B Words
Challenge
Share
Tweet
Embed
Score 0/22 Timer 05:00
2 Plays Today
Clue MM Word % Correct
Extinct woolly elephantMammoth
94.5%
A well-preserved body, such as that of a pharaohMummy
94%
,Comma
93.9%
One who has arrived to live in a new countryImmigrant
93.1%
Shark which has its eyes extended from its headHammerhead
91.6%
Bullets, arrows, artillery shells, etcAmmunition
91.1%
In New Zealand, December - MarchSummer
91%
A person who shares living quartersRoommate
88.6%
Third letter of the Greek alphabetGamma
85.9%
Emotionally younger than one's ageImmature
83.5%
Hovering nectar-drinkerHummingbird
82.9%
Clue MM Word % Correct
Faint gleamGlimmer
78.2%
NH3 is a smelly cleaning compoundAmmonia
77.6%
Warm-blooded vertebrateMammal
76.3%
One who uses Java, C#, Visual Basic or COBOLProgrammer
75.1%
Language syntax and structureGrammar
73%
Highest pointSummit
70.6%
Broad sash typically worn with a tuxedoCummerbund
58.9%
Search through something haphazardlyRummage
51.3%
Balanced (mirrored) portions, or pleasing formSymmetry
46.2%
Submerge into liquidImmerse
45.5%
Difficult decision where neither choice is optimalDilemma
37.4%

You're not logged in!

Compare scores with friends on all Sporcle quizzes.
Join for Free
OR
Log In

You Might Also Like...

Show Comments

Extras

Top Quizzes Today


Score Distribution

Your Account Isn't Verified!

In order to create a playlist on Sporcle, you need to verify the email address you used during registration. Go to your Sporcle Settings to finish the process.

Report this User

Report this user for behavior that violates our Community Guidelines.

Details: